000 01697nam0a2200397 4500
001 RU\NLR\BIBL_A\022644776
005 20260420054906.0
010 _a978-5-6054135-3-0
_91000
021 _aRU
_bКН-П-25-052472
_9КН-П-25-5065
035 _a(NLR Aleph) 022644776
090 _a13685479
_c13685479
100 _a20251016d2025 u y0rusy50 ca
101 0 _arus
102 _aRU
105 _aa z 000yy
181 0 _ai3
_baxxe
182 0 _an
200 1 _a450 строк об Уфе
_eсборник рассказов
_fколлектив авторов под редакцией Р. Низамова
203 _aТекст
_bвизуальный
_cнепосредственный
210 _aСаратов
_cКУБиК
_d2025
215 _a171 с.
_cил.
_d22
300 _aИзд. на средства гранта главы Администрации ГО г. Уфа Респ. Башкортостан
607 _aУфа, город (Башкирия)
_xв художественной литературе
_92701807
_3RU\NLR\AUTH\6601767982
607 _aУфа, город (Башкирия)
_xИстория
_xДетские рисунки
_92704307
_3RU\NLR\AUTH\6601768868
686 1 _aЧ421.385.354.11
686 2 _aШ6(2=Р)8-94
686 2 _aШ6(2=Р)8-440.5
686 2 _aШ6(2=Баш)7-4
702 1 _aНизамов
_bР.
_gРуслан
_4220
942 _cBOOK
980 _aNB